Statistics for Los Cabos Int. Airport Destinations (San Jose del Cabo, Mexico)

Click here to take the quiz!

General Stats

  • This quiz has been taken 32 times
  • The average score is 38 of 53

Answer Stats

AirlineDestination% Correct
Alaska Airlines/American Airlines/Delta Air Lines/JetBlue/Spirit Airlines/United AirlinesLos Angeles
100%
Southwest AirlinesChicago (Midway)
95%
American Airlines/United AirlinesChicago (O'Hare)
95%
Frontier Airlines/Southwest Airlines/United AirlinesDenver
95%
Southwest AirlinesHouston (Hobby)
95%
Spirit Airlines/United AirlinesHouston (Intercontinental)
95%
Aeromexico/Aeromexico Connect/Magni/Viva Aerobus/VolarisMexico City
95%
American Airlines/Delta Air Lines/JetBlueNew York (JFK)
95%
Viva Aerobus/VolarisToluca/Mexico City
95%
Delta Air Lines/VolarisAtlanta
90%
American Airlines/Spirit Airlines/Sun Country AirlinesDallas/Fort Worth
90%
Delta Air LinesDetroit
90%
Delta Air Lines/Sun Country AirlinesMinneapolis/St. Paul
90%
American Airlines/Southwest AirlinesPhoenix (Sky Harbor)
90%
Alaska AirlinesPortland (OR)
90%
Alaska Airlines/Southwest AirlinesSan Diego
90%
Alaska Airlines/United AirlinesSan Francisco
90%
Alaska Airlines/Delta Air LinesSeattle/Tacoma
90%
Air Canada/Flair Airlines/Sunwing Airlines/WestJetCalgary
85%
Calafia Airlines/Viva Aerobus/VolarisGuadalajara
85%
Calafia Airlines/Viva Aerobus/VolarisTijuana
85%
Air Canada/Sunwing Airlines/SwoopToronto (Pearson)
85%
Air Canada/Flair Airlines/Sunwing Airlines/WestJetVancouver
85%
American Airlines/Southwest AirlinesAustin
80%
Flair Airlines/Sunwing Airlines/Swoop/WestJetEdmonton
80%
Magni/Viva Aerobus/VolarisMonterrey
80%
Sunwing AirlinesMontreal (Trudeau)
80%
Alaska AirlinesSan Jose (CA)
80%
Viva AerobusCancun
75%
United AirlinesNewark
75%
Southwest AirlinesOakland
70%
American Airlines/Southwest AirlinesSacramento
70%
Delta Air LinesSalt Lake City
70%
Southwest AirlinesBaltimore
65%
American AirlinesCharlotte
65%
IberojetMadrid
60%
Southwest AirlinesOrange County
60%
Southwest AirlinesKansas City
55%
VolarisLeon/El Bajio
55%
Viva AerobusHermosillo
45%
WestJetKelowna
45%
MagniMazatlan
45%
Flair Airlines/SwoopAbbotsford
40%
Aero Pacifico/Viva Aerobus/VolarisCuliacan
40%
Calafia AirlinesLoreto
40%
VolarisMexicali
40%
MagniPuerto Vallarta
40%
Viva AerobusQueretaro
40%
Sunwing AirlinesRegina
40%
VolarisMexico City (AIFA)
35%
Sunwing AirlinesSaskatoon
35%
Viva AerobusCincinnati
25%
Aero PacificoLos Mochis
25%

Score Distribution

Percentile by Number Answered

Percent of People with Each Score

Your Score History

You have not taken this quiz